Score 0/22 Timer 03:00
2 Plays Today
Two Clues 'O' Word % Correct
Atlantic or PacificOcean
99.6%
Summer Games or Winter GamesOlympics
97.9%
Dutch or microwaveOven
95%
Ajar or unlockedOpen
91.4%
Canola or motorOil
88.8%
Hoot or snowyOwl
85.1%
Redenbacher or WrightOrville
80.2%
Double Stuf or Cool MintOreo
79.7%
Western or Three-eggOmelette
77.7%
Jermaine or ShaquilleO'Neal
76.9%
Navel or ValenciaOrange
76.5%
Two Clues 'O' Word % Correct
'Don Giovanni' or 'Madame Butterfly'Opera
74%
Scott Card or WellesOrson
70.5%
25% off or Buy 1, Get 1 FreeOffer
69.7%
Thirty grams or two tablespoonsOunce
69.7%
Black or GreekOlive
69%
Preminger or von BismarckOtto
68.5%
Khayyám or SharifOmar
66%
Wilson or WisterOwen
64.2%
Pearl or VidaliaOnion
57.3%
3 : 1 or 5 : 2Odds
51.1%
Astra or InsigniaOpel
19%
Remove Ads.
Support Sporcle.
Get the best of Sporcle when you Go Orange. This ad-free experience offers more features, more stats, and more fun while also helping to support Sporcle. Thank you for becoming a member.

You're not logged in!

Compare scores with friends on all Sporcle quizzes.
OR
Log In

Show Comments

Extras

Top Quizzes Today


Score Distribution

Your Account Isn't Verified!

In order to create a playlist on Sporcle, you need to verify the email address you used during registration. Go to your Sporcle Settings to finish the process.

Report this User

Report this user for behavior that violates our Community Guidelines.

Details: